000 02370nam a22001577a 4500
041 _aukr
080 _a09
090 _bКОР
100 _aКоркушко С. Б..
245 _aЛексичні особливості текстів сугестивних методик
260 _aОстрог
_bКАФ
_c2008
300 _a44
520 _aВступ. Розділ 1. Історія вивченя мовної сугестії та сугестивної функції мови. Розділ 2. Класифікація і типологія сугестивних методик, контексти їхнього практичного використання, типи сугерендів. 2.1. Базові принципи. 2.2. Класифікація і характеристики сугестивних методик. 2.3. Функціональні типи сугестії. 2.4. Основні типи сугерендів як фактор, що впливає на складання сугестивних текстів. 2.4.1. Типи сугерендів. 2.4.2. Практичне використання типології сугерендів при написанні сугестивних текстів. Розділ 3. Механізм непрямого впливу, шаблони сугестивних текстів, основні правила складання сугестивних текстів. 3.1. Непрямий вплив за методикою Мілтона Еріксона. 3.2. Типові шаблони сугестивних текстів, стилістичні конструкції, метафори Еріксона і основні правила складання сугестивних текстів. 3.2.1. Пресупозиція. 3.2.2. Інші шаблони сугестивних текстів за методикою Еріксона. 3.2.3. Використання емоційного забарвлення лексичних одиниць з сугестивною метою. 3.2.4. Використання стилістичних конструкцій в сугестивних текстах. 3.2.5. Метафори Еріксона. Висновки.
_0сугестія, сугеренд, М. Еріксон
650 _aResearch Papers
999 _c283903
_d283903
942 _cBK